[Event "Nordre Efteraar"]
[Site "Aarhus"]
[Date "1998.10.10"]
[Round "1"]
[White "Pedersen, Daniel Vesterbaek"]
[Black "Rendboe, John Filip"]
[Result "1/2-1/2"]
[WhiteElo "2260"]
[BlackElo "2290"]
[PlyCount "23"]
[EventDate "1998.10.??"]
[EventType "schev"]
[EventRounds "9"]
[EventCountry "DEN"]
[SourceTitle "EXT 2000"]
[Source "ChessBase"]
[SourceDate "1999.11.16"]

1. d4 Nf6 2. c4 e6 3. Nc3 d5 4. cxd5 exd5 5. Bg5 c6 6. e3 Be7 7. Qc2 Nbd7 8.
Bd3 O-O 9. Nf3 Re8 10. O-O-O Nf8 11. Rdg1 Ne4 12. Bxe7 1/2-1/2

[Event "Nordre Efteraar"]
[Site "Aarhus"]
[Date "1998.10.14"]
[Round "5"]
[White "Pedersen, Jan"]
[Black "Jensen, Vagn"]
[Result "1/2-1/2"]
[WhiteElo "2355"]
[BlackElo "2270"]
[PlyCount "39"]
[EventDate "1998.10.??"]
[EventType "schev"]
[EventRounds "9"]
[EventCountry "DEN"]
[SourceTitle "EXT 2000"]
[Source "ChessBase"]
[SourceDate "1999.11.16"]

1. g3 e5 2. Bg2 d5 3. d3 Nf6 4. c4 dxc4 5. Qa4+ Bd7 6. Qxc4 Nc6 7. Nf3 Be7 8.
O-O O-O 9. Nbd2 Be6 10. Qa4 Nd7 11. a3 Nc5 12. Qc2 a5 13. Nc4 a4 14. Be3 Nd4
15. Nxd4 exd4 16. Bd2 Bd5 17. Bxd5 Qxd5 18. Bb4 Rfe8 19. Nd2 Ne6 20. Bxe7
1/2-1/2

[Event "Nordre Efteraar"]
[Site "Aarhus"]
[Date "1998.10.12"]
[Round "3"]
[White "Pedersen, Jan"]
[Black "Czerwonski, Aleksander"]
[Result "1/2-1/2"]
[WhiteElo "2355"]
[BlackElo "2390"]
[PlyCount "83"]
[EventDate "1998.10.??"]
[EventType "schev"]
[EventRounds "9"]
[EventCountry "DEN"]
[SourceTitle "EXT 2000"]
[Source "ChessBase"]
[SourceDate "1999.11.16"]

1. e4 c5 2. Nf3 Nc6 3. Bb5 g6 4. O-O Bg7 5. Re1 Nf6 6. c3 O-O 7. h3 Qb6 8. Bf1
e5 9. d4 d6 10. dxc5 dxc5 11. Na3 Qc7 12. Nb5 Qb6 13. Qc2 a6 14. Nd6 Qc7 15.
Nxc8 Raxc8 16. Be3 Na5 17. Nd2 b5 18. b3 Ne8 19. a4 Nd6 20. axb5 axb5 21. Ra2
Rfd8 22. Rea1 Nab7 23. Ra6 Qd7 24. Ra7 f5 25. f3 Rc7 26. R7a2 Bf6 27. Qb1 Qe7
28. b4 Bg5 29. Qe1 Bxe3+ 30. Qxe3 f4 31. Qf2 c4 32. Qb6 Qd7 33. Nb1 Nc8 34. Qf2
Nbd6 35. Rd2 Ra7 36. Rxa7 Qxa7 37. Qxa7 Nxa7 38. Rd5 Nf7 39. Rc5 Rc8 40. Rd5
Rd8 41. Rc5 Rc8 42. Rd5 1/2-1/2

[Event "Nordre Efteraar"]
[Site "Aarhus"]
[Date "1998.10.10"]
[Round "1"]
[White "Pedersen, Jan"]
[Black "Ziegler, Ari"]
[Result "0-1"]
[WhiteElo "2355"]
[BlackElo "2410"]
[PlyCount "152"]
[EventDate "1998.10.??"]
[EventType "schev"]
[EventRounds "9"]
[EventCountry "DEN"]
[SourceTitle "EXT 2000"]
[Source "ChessBase"]
[SourceDate "1999.11.16"]

1. e4 c5 2. Nf3 Nc6 3. Bb5 g6 4. O-O Bg7 5. Re1 d6 6. c3 Qa5 7. Na3 Bd7 8. d4
cxd4 9. cxd4 a6 10. Bxc6 bxc6 11. Nc4 Qb5 12. b3 Nh6 13. Bg5 f6 14. Bxh6 Bxh6
15. e5 O-O 16. exd6 exd6 17. Nxd6 Qh5 18. Qd3 Bg4 19. Qc4+ Qd5 20. h3 Bxf3 21.
gxf3 Ra7 22. Ne4 a5 23. Qxd5+ cxd5 24. Nc5 Rc8 25. Re2 Kf7 26. Kf1 Bf8 27. Rc2
Rac7 28. Rac1 Bh6 29. Re1 Bf8 30. Rec1 Bh6 31. Re1 Bf8 32. Rce2 Bxc5 33. dxc5
g5 34. Re6 Rxc5 35. Ra6 R8c6 36. Ra7+ Kg6 37. Re2 Rd6 38. Rd2 d4 39. Ke2 d3+
40. Rxd3 Rc2+ 41. Ke3 Rxd3+ 42. Kxd3 Rxa2 43. Ke3 Ra3 44. Ke2 h5 45. Rb7 Ra1
46. Rb5 Rh1 47. Rxa5 Rxh3 48. Ra1 Rh4 49. Rc1 Kf5 50. Rc5+ Ke6 51. Kf1 Rb4 52.
Rc3 Kf5 53. Kg2 Kg6 54. Kg3 Rd4 55. Kg2 Rd2 56. Rc8 Rb2 57. Rb8 h4 58. Rg8+ Kf7
59. Rb8 Kg7 60. Rb7+ Kh6 61. Rb6 Kg6 62. Rb8 f5 63. b4 Kf6 64. f4 g4 65. Kg1 h3
66. b5 h2+ 67. Kxh2 Rxf2+ 68. Kg3 Rf3+ 69. Kg2 Rxf4 70. b6 Rb4 71. b7 Rb2+ 72.
Kg3 Rb3+ 73. Kg2 Kg7 74. Kf2 f4 75. Kf1 Rb2 76. Kg1 g3 0-1

[Event "Nordre Efteraar"]
[Site "Aarhus"]
[Date "1998.10.17"]
[Round "8"]
[White "Pedersen, Jan"]
[Black "Rossen, Claus"]
[Result "1/2-1/2"]
[WhiteElo "2355"]
[BlackElo "2170"]
[PlyCount "67"]
[EventDate "1998.10.??"]
[EventType "schev"]
[EventRounds "9"]
[EventCountry "DEN"]
[SourceTitle "EXT 2000"]
[Source "ChessBase"]
[SourceDate "1999.11.16"]

1. d4 g6 2. e4 Bg7 3. Nc3 d6 4. Be3 c6 5. Qd2 Qa5 6. Bd3 Nf6 7. Bh6 Bxh6 8.
Qxh6 c5 9. dxc5 Qxc5 10. h3 Nc6 11. Nf3 Be6 12. O-O Qh5 13. Qxh5 Nxh5 14. Nd5
Rc8 15. a3 O-O 16. Rfe1 Kg7 17. b4 Rfe8 18. c4 h6 19. Rac1 g5 20. Bf1 Nf6 21.
h4 g4 22. Nd2 Bxd5 23. exd5 Ne5 24. Nb3 Nh5 25. Rc3 Kf6 26. Rec1 b6 27. g3 Ng7
28. Be2 Nf5 29. c5 dxc5 30. bxc5 bxc5 31. Nxc5 Rcd8 32. Ne4+ Kg7 33. Rd1 Rc8
34. Rxc8 1/2-1/2

[Event "Nordre Efteraar"]
[Site "Aarhus"]
[Date "1998.10.12"]
[Round "3"]
[White "Pedersen, Nicolai Vesterbaek"]
[Black "Williams, Simon Kim"]
[Result "0-1"]
[WhiteElo "2315"]
[BlackElo "2335"]
[PlyCount "76"]
[EventDate "1998.10.??"]
[EventType "schev"]
[EventRounds "9"]
[EventCountry "DEN"]
[SourceTitle "EXT 2000"]
[Source "ChessBase"]
[SourceDate "1999.11.16"]

1. d4 e6 2. c4 f5 3. Nf3 Nf6 4. g3 d6 5. Bg2 Be7 6. Nc3 O-O 7. O-O a5 8. Re1
Ne4 9. Qc2 Nc6 10. Nxe4 Nb4 11. Qb1 fxe4 12. Qxe4 e5 13. dxe5 Bf5 14. Qxb7 Rb8
15. Qa7 c5 16. exd6 Bxd6 17. Bg5 Qc8 18. Nh4 Bh3 19. Rad1 Nc6 20. Bxh3 Qxh3 21.
Qa6 Rxf2 22. Kxf2 Qxh2+ 23. Ke3 Qxg3+ 24. Nf3 Re8+ 25. Kd2 Nb4 26. Qb5 Bf4+ 27.
Bxf4 Qxf4+ 28. e3 Qe4 29. Re2 Rf8 30. Qxc5 Rxf3 31. Qd4 Qc2+ 32. Ke1 Qg6 33.
Qc3 Rf8 34. a3 Qg1+ 35. Kd2 Rd8+ 36. Qd4 Rxd4+ 37. exd4 Qxd4+ 38. Ke1 Nd3+ 0-1

[Event "Nordre Efteraar"]
[Site "Aarhus"]
[Date "1998.10.13"]
[Round "4"]
[White "Pedersen, Nicolai Vesterbaek"]
[Black "Bus, Mariusz"]
[Result "1-0"]
[WhiteElo "2315"]
[BlackElo "2370"]
[PlyCount "51"]
[EventDate "1998.10.??"]
[EventType "schev"]
[EventRounds "9"]
[EventCountry "DEN"]
[SourceTitle "EXT 2000"]
[Source "ChessBase"]
[SourceDate "1999.11.16"]

1. d4 d5 2. c4 dxc4 3. Nf3 c5 4. e3 Nf6 5. Bxc4 e6 6. O-O a6 7. Bb3 cxd4 8.
exd4 Nc6 9. Nc3 Be7 10. a3 O-O 11. Re1 Bd7 12. Qd3 Rc8 13. Bc2 g6 14. Bb3 b5
15. Bh6 Re8 16. Ne5 b4 17. axb4 Nxb4 18. Qh3 Nbd5 19. Rxa6 Bb4 20. Bd2 Bb5 21.
Ra7 Rc7 22. Rxc7 Nxc7 23. Bg5 Be7 24. Nxb5 Nxb5 25. Nxf7 Qxd4 26. Qxe6 $138 1-0

[Event "Nordre Efteraar"]
[Site "Aarhus"]
[Date "1998.10.17"]
[Round "8"]
[White "Pedersen, Nicolai Vesterbaek"]
[Black "Rendboe, John Filip"]
[Result "1-0"]
[WhiteElo "2315"]
[BlackElo "2290"]
[PlyCount "75"]
[EventDate "1998.10.??"]
[EventType "schev"]
[EventRounds "9"]
[EventCountry "DEN"]
[SourceTitle "EXT 2000"]
[Source "ChessBase"]
[SourceDate "1999.11.16"]

1. d4 d5 2. c4 e6 3. Nc3 Be7 4. cxd5 exd5 5. Bf4 c6 6. e3 Bf5 7. g4 Bg6 8. h4
h5 9. g5 Qa5 10. Nf3 Bb4 11. Qb3 Ne7 12. Ne5 Be4 13. f3 Bf5 14. a3 Bxc3+ 15.
bxc3 Qb6 16. Qb4 Na6 17. Qxb6 axb6 18. Rh2 Nb8 19. Rb2 b5 20. a4 f6 21. Nd3 Ng6
22. Bg3 fxg5 23. hxg5 Nd7 24. Rba2 h4 25. Bd6 bxa4 26. Rxa4 Rxa4 27. Rxa4 Kf7
28. Ra7 h3 29. Bh2 Nh4 30. Kf2 Kg6 31. Rxb7 Kxg5 32. Ra7 Kf6 33. Ra6 Rc8 34.
Nb4 Nb8 35. Ra8 Ng6 36. Rxb8 Rxb8 37. Bxb8 Ne7 38. Kg3 1-0

[Event "Nordre Efteraar"]
[Site "Aarhus"]
[Date "1998.10.10"]
[Round "1"]
[White "Pedersen, Nicolai Vesterbaek"]
[Black "Jacobsen, Bo"]
[Result "0-1"]
[WhiteElo "2315"]
[BlackElo "2270"]
[PlyCount "74"]
[EventDate "1998.10.??"]
[EventType "schev"]
[EventRounds "9"]
[EventCountry "DEN"]
[SourceTitle "EXT 2000"]
[Source "ChessBase"]
[SourceDate "1999.11.16"]

1. d4 Nf6 2. c4 c5 3. d5 e5 4. Nc3 d6 5. e4 Be7 6. g3 Nbd7 7. h4 Nf8 8. Bh3 a6
9. Qd3 Rb8 10. a4 h5 11. Kf1 Ng6 12. Bxc8 Qxc8 13. Nh3 Qg4 14. Bd2 Bd8 15. f3
Qc8 16. a5 O-O 17. Kg2 Nd7 18. Ng5 f6 19. Ne6 Rf7 20. f4 exf4 21. gxf4 f5 22.
Qg3 Ndf8 23. Nxf8 Nxf8 24. e5 b6 25. axb6 dxe5 26. fxe5 Rxb6 27. e6 Rf6 28. Na4
Rb7 29. Bg5 Rg6 30. Rhf1 Bxg5 31. hxg5 Nxe6 32. dxe6 Qxe6 33. Qf4 Qe7 34. Rae1
Rxg5+ 35. Kh1 Qf6 36. Nc3 Rg4 37. Re8+ Kf7 $138 0-1

[Event "Nordre Efteraar"]
[Site "Aarhus"]
[Date "1998.10.14"]
[Round "5"]
[White "Rendboe, John Filip"]
[Black "Johansen, Morten"]
[Result "1/2-1/2"]
[WhiteElo "2290"]
[BlackElo "2285"]
[PlyCount "27"]
[EventDate "1998.10.??"]
[EventType "schev"]
[EventRounds "9"]
[EventCountry "DEN"]
[SourceTitle "EXT 2000"]
[Source "ChessBase"]
[SourceDate "1999.11.16"]

1. c4 Nf6 2. Nc3 c6 3. d4 d5 4. cxd5 cxd5 5. Nf3 e6 6. Bf4 a6 7. e3 Nc6 8. Bd3
Be7 9. Ne5 Nxe5 10. Bxe5 Bd6 11. f4 Qe7 12. O-O O-O 13. Rf3 g6 14. Qc2 1/2-1/2

[Event "Nordre Efteraar"]
[Site "Aarhus"]
[Date "1998.10.11"]
[Round "2"]
[White "Rendboe, John Filip"]
[Black "Pedersen, Jan"]
[Result "1/2-1/2"]
[WhiteElo "2290"]
[BlackElo "2355"]
[PlyCount "48"]
[EventDate "1998.10.??"]
[EventType "schev"]
[EventRounds "9"]
[EventCountry "DEN"]
[SourceTitle "EXT 2000"]
[Source "ChessBase"]
[SourceDate "1999.11.16"]

1. c4 g6 2. Nc3 Bg7 3. d4 d6 4. e4 Nf6 5. Nf3 O-O 6. Be3 Nbd7 7. Be2 e5 8. dxe5
dxe5 9. b3 c6 10. O-O Qe7 11. Qc2 Nh5 12. Rfd1 Re8 13. Qd2 Nc5 14. Qd6 Qxd6 15.
Rxd6 Ne6 16. Rd2 Nhf4 17. Bf1 c5 18. Nb5 a6 19. Nd6 Rd8 20. Nxc8 Raxc8 21. Rad1
b6 22. Rxd8+ Rxd8 23. Rxd8+ Nxd8 24. Nd2 Nfe6 1/2-1/2

[Event "Nordre Efteraar"]
[Site "Aarhus"]
[Date "1998.10.13"]
[Round "4"]
[White "Rendboe, John Filip"]
[Black "Matthiesen, Martin"]
[Result "0-1"]
[WhiteElo "2290"]
[BlackElo "2275"]
[PlyCount "60"]
[EventDate "1998.10.??"]
[EventType "schev"]
[EventRounds "9"]
[EventCountry "DEN"]
[SourceTitle "EXT 2000"]
[Source "ChessBase"]
[SourceDate "1999.11.16"]

1. c4 g6 2. Nc3 Bg7 3. d4 d6 4. Nf3 Nf6 5. e4 O-O 6. Be2 e5 7. O-O Nc6 8. d5
Ne7 9. Ne1 Nd7 10. Be3 f5 11. f3 f4 12. Bf2 g5 13. a4 a5 14. Nd3 b6 15. b4 axb4
16. Nxb4 Nf6 17. a5 Rxa5 18. Rxa5 bxa5 19. Nd3 Ng6 20. c5 h5 21. Qa4 g4 22.
Qxa5 g3 23. hxg3 fxg3 24. Bxg3 h4 25. Bf2 Nh5 26. cxd6 Qg5 27. dxc7 Ngf4 28.
Nxf4 Nxf4 29. g4 hxg3 30. Bb6 Qh4 0-1

[Event "Nordre Efteraar"]
[Site "Aarhus"]
[Date "1998.10.16"]
[Round "7"]
[White "Rendboe, John Filip"]
[Black "Christensen, Jan Schleicher"]
[Result "1/2-1/2"]
[WhiteElo "2290"]
[BlackElo "2225"]
[PlyCount "34"]
[EventDate "1998.10.??"]
[EventType "schev"]
[EventRounds "9"]
[EventCountry "DEN"]
[SourceTitle "EXT 2000"]
[Source "ChessBase"]
[SourceDate "1999.11.16"]

1. Nf3 Nf6 2. c4 c5 3. Nc3 e6 4. d4 cxd4 5. Nxd4 a6 6. Bg5 Be7 7. e4 d6 8. Be2
O-O 9. O-O b6 10. f4 Bb7 11. Bf3 Nbd7 12. Rc1 Rc8 13. b3 Nc5 14. Re1 b5 15.
cxb5 axb5 16. b4 Na4 17. Ncxb5 Rxc1 1/2-1/2

[Event "Nordre Efteraar"]
[Site "Aarhus"]
[Date "1998.10.12"]
[Round "3"]
[White "Rossen, Claus"]
[Black "Hoiberg, Nina"]
[Result "1-0"]
[WhiteElo "2170"]
[BlackElo "2290"]
[PlyCount "145"]
[EventDate "1998.10.??"]
[EventType "schev"]
[EventRounds "9"]
[EventCountry "DEN"]
[SourceTitle "EXT 2000"]
[Source "ChessBase"]
[SourceDate "1999.11.16"]

1. e4 e5 2. Nf3 Nc6 3. Bb5 Nf6 4. O-O d6 5. d4 exd4 6. Nxd4 Bd7 7. Nxc6 bxc6 8.
Bc4 Be7 9. Nc3 O-O 10. f3 h6 11. Be3 Be6 12. Qe2 d5 13. Rad1 Bd6 14. Bb3 Qe7
15. exd5 cxd5 16. Qf2 c6 17. Rfe1 Nd7 18. Ne2 Nc5 19. Nd4 Nxb3 20. axb3 c5 21.
Nb5 d4 22. Nxd6 Qxd6 23. Qh4 Bf5 24. c3 g5 25. Qh5 d3 26. h4 f6 27. Qxh6 Rf7
28. Bxg5 Raf8 29. Bf4 Qd5 30. Be3 Rg7 31. Qf4 Bh7 32. Qc4 Qxc4 33. bxc4 Rb8 34.
Bxc5 Rxb2 35. Re8+ Kf7 36. Re7+ Kg8 37. Rxg7+ Kxg7 38. Bxa7 Rc2 39. Bd4 Kf7 40.
c5 Ke6 41. c6 Kd6 42. Bxf6 Kxc6 43. Bg5 Kd5 44. Bd2 Ra2 45. Kf2 Kc4 46. g4 Kb3
47. Ke3 Ra8 48. Rb1+ Kc2 49. Rc1+ Kb2 50. Kf2 Re8 51. Re1 Rd8 52. Re7 Kc2 53.
Bg5 Bg8 54. h5 Bc4 55. Re1 Rf8 56. Rc1+ Kb2 57. Kg3 Bd5 58. Rf1 Kxc3 59. Rf2
Rg8 60. Bd2+ Kd4 61. g5 Ke5 62. Rf1 Bf7 63. Kg4 Be6+ 64. Kh4 Kf5 65. Re1 Bd7
66. Re4 Ra8 67. Rf4+ Ke5 68. g6 Ra1 69. g7 Rg1 70. Rg4 Rxg4+ 71. fxg4 Be6 72.
Kg5 Bg8 73. Kg6 1-0

[Event "Nordre Efteraar"]
[Site "Aarhus"]
[Date "1998.10.14"]
[Round "5"]
[White "Rossen, Claus"]
[Black "Pedersen, Nicolai Vesterbaek"]
[Result "0-1"]
[WhiteElo "2170"]
[BlackElo "2315"]
[PlyCount "144"]
[EventDate "1998.10.??"]
[EventType "schev"]
[EventRounds "9"]
[EventCountry "DEN"]
[SourceTitle "EXT 2000"]
[Source "ChessBase"]
[SourceDate "1999.11.16"]

1. e4 e5 2. Nc3 Nf6 3. g3 b6 4. Bg2 Bb7 5. Nge2 d5 6. exd5 Nxd5 7. O-O Be7 8.
d3 O-O 9. Nxd5 Bxd5 10. Bxd5 Qxd5 11. Nc3 Qd7 12. f4 exf4 13. Bxf4 Nc6 14. Qf3
Nd4 15. Qd5 Rad8 16. Qxd7 Rxd7 17. Rf2 Bc5 18. Kg2 Ne6 19. Re2 Nxf4+ 20. gxf4
f5 21. a4 c6 22. Re6 Bd6 23. Kf3 Kf7 24. Rae1 Re7 25. Rxe7+ Bxe7 26. Nd1 Bh4
27. Re2 Bf6 28. b3 Bd4 29. Ne3 Kf6 30. Nc4 Rd8 31. Ne5 Bxe5 32. Rxe5 g5 33. Re1
h6 34. h3 Rd4 35. fxg5+ hxg5 36. Re8 Rd7 37. Rf8+ Ke5 38. Rg8 Kf6 39. Rf8+ Ke5
40. Rg8 Rh7 41. Rxg5 Rxh3+ 42. Kg2 Rh7 43. Rg6 c5 44. a5 b5 45. Rc6 Kd4 46. c3+
Kxc3 47. Rxc5+ Kb4 48. Rxf5 Kxa5 49. Kf3 Kb4 50. Ke4 Rb7 51. d4 Kxb3 52. d5 Kc4
53. d6 b4 54. Rf1 a5 55. Rc1+ Kb5 56. Rc7 Kb6 57. Rc1 b3 58. Kd3 a4 59. Kc3 Kc6
60. Rd1 b2 61. Kc2 a3 62. Kb1 Ra7 63. Ka2 Kd7 64. Rd2 Ra6 65. Rd3 Rb6 66. Rd1
Rxd6 67. Rh1 Rd3 68. Rh7+ Kc6 69. Rh6+ Kc5 70. Rh5+ Kd4 71. Rh1 Rc3 72. Kb1 Kc4
0-1

[Event "Nordre Efteraar"]
[Site "Aarhus"]
[Date "1998.10.18"]
[Round "9"]
[White "Rossen, Claus"]
[Black "Holst, Allan"]
[Result "1/2-1/2"]
[WhiteElo "2170"]
[BlackElo "2350"]
[PlyCount "20"]
[EventDate "1998.10.??"]
[EventType "schev"]
[EventRounds "9"]
[EventCountry "DEN"]
[SourceTitle "EXT 2000"]
[Source "ChessBase"]
[SourceDate "1999.11.16"]

1. d4 e6 2. c4 f5 3. Nf3 Nf6 4. g3 c6 5. Bg2 d5 6. O-O Bd6 7. b3 Qe7 8. Bb2 b6
9. Ne5 Bb7 10. Nd2 a5 1/2-1/2

[Event "Nordre Efteraar"]
[Site "Aarhus"]
[Date "1998.10.15"]
[Round "6"]
[White "Williams, Simon Kim"]
[Black "Pedersen, Jan"]
[Result "0-1"]
[WhiteElo "2335"]
[BlackElo "2355"]
[PlyCount "88"]
[EventDate "1998.10.??"]
[EventType "schev"]
[EventRounds "9"]
[EventCountry "DEN"]
[SourceTitle "EXT 2000"]
[Source "ChessBase"]
[SourceDate "1999.11.16"]

1. c4 d6 2. Nc3 g6 3. g3 Bg7 4. Bg2 e5 5. d3 f5 6. e4 Nc6 7. h4 h6 8. h5 g5 9.
exf5 Bxf5 10. Be4 Nge7 11. Nd5 Bxe4 12. dxe4 Nd4 13. Nf3 c6 14. Ne3 Qd7 15. b4
Rf8 16. Nxd4 exd4 17. Ng4 Qe6 18. O-O Qxc4 19. Bd2 d3 20. Rc1 Qxa2 21. Bc3 Bxc3
22. Rxc3 Qe6 23. Rxd3 O-O-O 24. f3 d5 25. e5 Nf5 26. Kg2 d4 27. Qa4 Qc4 28. Qb3
Qxb3 29. Rxb3 Kd7 30. f4 gxf4 31. gxf4 Rg8 32. Kh3 Ke6 33. Nf6 Rg7 34. Rd3 Ne3
35. Rf3 Kf5 36. Rg3 Rxg3+ 37. Kxg3 Nc2 38. Rd2 d3 39. Kf3 Rd4 40. Kg3 Rd8 41.
Kf3 Rd4 42. Kg3 Ne3 43. Kf2 Nc4 44. Rd1 Rxf4+ 0-1

[Event "Nordre Efteraar"]
[Site "Aarhus"]
[Date "1998.10.13"]
[Round "4"]
[White "Williams, Simon Kim"]
[Black "Boe, Mads"]
[Result "0-1"]
[WhiteElo "2335"]
[BlackElo "2345"]
[PlyCount "72"]
[EventDate "1998.10.??"]
[EventType "schev"]
[EventRounds "9"]
[EventCountry "DEN"]
[SourceTitle "EXT 2000"]
[Source "ChessBase"]
[SourceDate "1999.11.16"]

1. c4 e6 2. Nc3 f5 3. d4 Nf6 4. Nf3 d5 5. Bf4 c6 6. e3 Be7 7. Bd3 O-O 8. Qc2
Bd7 9. Ne5 Be8 10. g4 dxc4 11. Bxc4 Nd5 12. gxf5 Nxf4 13. exf4 Qxd4 14. Bxe6+
Kh8 15. Qe4 Qxe4+ 16. Nxe4 Na6 17. Ng5 Nc5 18. Rg1 Nxe6 19. fxe6 Rxf4 20. O-O-O
Rxf2 21. Ngf7+ Kg8 22. Ng4 Rf4 23. Nfe5 Bg5 24. Kb1 h5 25. Ne3 Bf6 26. Nd7 Be7
27. Rg2 g5 28. a3 Bg6+ 29. Ka1 Re4 30. Nc2 Rxe6 31. Nd4 Re3 32. Rf1 Rd8 33.
Nf6+ Bxf6 34. Rxf6 Re1+ 35. Ka2 Kg7 36. Ne6+ Rxe6 0-1

[Event "Nordre Efteraar"]
[Site "Aarhus"]
[Date "1998.10.17"]
[Round "8"]
[White "Williams, Simon Kim"]
[Black "Matthiesen, Martin"]
[Result "1-0"]
[WhiteElo "2335"]
[BlackElo "2275"]
[PlyCount "67"]
[EventDate "1998.10.??"]
[EventType "schev"]
[EventRounds "9"]
[EventCountry "DEN"]
[SourceTitle "EXT 2000"]
[Source "ChessBase"]
[SourceDate "1999.11.16"]

1. c4 e6 2. Nc3 Nf6 3. e4 d5 4. e5 d4 5. exf6 dxc3 6. bxc3 Qxf6 7. d4 e5 8. Nf3
exd4 9. Bg5 Qe6+ 10. Be2 Be7 11. Bxe7 d3 12. O-O Qxe7 13. Bxd3 O-O 14. Re1 Qf6
15. Qc2 h6 16. Rab1 Na6 17. Rb5 b6 18. Be4 c6 19. Rbb1 Nc5 20. Nd4 Bd7 21. Bf5
Rad8 22. Bxd7 Rxd7 23. Re3 Rfd8 24. Rbe1 g6 25. Qe2 Qd6 26. Qf3 Rc7 27. h4 Rcc8
28. h5 Kf8 29. Ne6+ Nxe6 30. Rxe6 Qd3 31. Qf6 Kg8 32. hxg6 Qxg6 33. Qxg6+ fxg6
34. Rxg6+ 1-0

[Event "Nordre Efteraar"]
[Site "Aarhus"]
[Date "1998.10.18"]
[Round "9"]
[White "Ziegler, Ari"]
[Black "Pedersen, Daniel Vesterbaek"]
[Result "0-1"]
[WhiteElo "2410"]
[BlackElo "2260"]
[PlyCount "38"]
[EventDate "1998.10.??"]
[EventType "schev"]
[EventRounds "9"]
[EventCountry "DEN"]
[SourceTitle "EXT 2000"]
[Source "ChessBase"]
[SourceDate "1999.11.16"]

1. e4 e5 2. f4 Nc6 3. Nf3 f5 4. exf5 e4 5. Ne5 Nf6 6. Be2 Bc5 7. Bh5+ Kf8 8.
Nc3 Qe7 9. Na4 Bd4 10. Nxc6 dxc6 11. c3 Nxh5 12. Qxh5 g6 13. fxg6 hxg6 14. Qg5
Bf6 15. Qc5 Bh4+ 16. Kf1 b5 17. Qxc6 bxa4 18. Qxa8 Qc5 19. Qxc8+ Ke7 0-1

[Event "Nordre Efteraar"]
[Site "Aarhus"]
[Date "1998.10.11"]
[Round "2"]
[White "Ziegler, Ari"]
[Black "Holst, Allan"]
[Result "0-1"]
[WhiteElo "2410"]
[BlackElo "2350"]
[PlyCount "120"]
[EventDate "1998.10.??"]
[EventType "schev"]
[EventRounds "9"]
[EventCountry "DEN"]
[SourceTitle "EXT 2000"]
[Source "ChessBase"]
[SourceDate "1999.11.16"]

1. e4 e6 2. d4 d5 3. Nc3 Nf6 4. Bg5 Bb4 5. e5 h6 6. Bd2 Bxc3 7. Bxc3 Ne4 8. Qg4
g6 9. Ba5 b6 10. Bd2 Nxd2 11. Kxd2 c5 12. c3 Ba6 13. Bxa6 Nxa6 14. Ne2 Qe7 15.
h4 h5 16. Qf4 O-O-O 17. a4 c4 18. Rhb1 Nb8 19. a5 Nc6 20. axb6 axb6 21. b3 cxb3
22. Rxb3 Na5 23. Rb4 Kc7 24. Kc2 Ra8 25. Rba4 Kb7 26. Qf3 Nc4 27. Nf4 Qd7 28.
Rxa8 Rxa8 29. Qd1 Qb5 30. Qc1 Ra4 31. Kd1 Nxe5 32. Rxa4 Qxa4+ 33. Ke1 Nc4 34.
Nd3 Qb5 35. g3 Nd6 36. Ne5 Qb3 37. Kf1 Ne4 38. Nxf7 Qc4+ 39. Kg2 Qxc3 40. Qxc3
Nxc3 41. Nd8+ Kc7 42. Nxe6+ Kd6 43. Nf4 b5 44. Kf3 b4 45. Nd3 b3 46. Kf4 Nd1
47. f3 Kc6 48. Ke5 Ne3 49. Kf6 Kb5 50. Kxg6 Kc4 51. Nb2+ Kxd4 52. g4 hxg4 53.
fxg4 Nxg4 54. h5 Ke4 55. h6 Nxh6 56. Kxh6 Kd4 57. Kg5 Kc3 58. Na4+ Kb4 59. Nb2
Ka3 60. Nd1 b2 0-1

[Event "Nordre Efteraar"]
[Site "Aarhus"]
[Date "1998.10.14"]
[Round "5"]
[White "Ziegler, Ari"]
[Black "Hoiberg, Nina"]
[Result "1/2-1/2"]
[WhiteElo "2410"]
[BlackElo "2290"]
[PlyCount "127"]
[EventDate "1998.10.??"]
[EventType "schev"]
[EventRounds "9"]
[EventCountry "DEN"]
[SourceTitle "EXT 2000"]
[Source "ChessBase"]
[SourceDate "1999.11.16"]

1. d4 d6 2. Nf3 Bg4 3. c4 Nd7 4. Qb3 Qc8 5. g3 e5 6. Bg2 c6 7. Be3 Be7 8. O-O
Ngf6 9. Nc3 O-O 10. Rfe1 h6 11. Rad1 Re8 12. a3 Bh5 13. h3 Bg6 14. dxe5 dxe5
15. Na4 Qc7 16. Rc1 Ne4 17. c5 Ndf6 18. Nd2 Nxd2 19. Bxd2 Rad8 20. Red1 Ne4 21.
Be3 Ng5 22. Nc3 Ne6 23. Ne4 Bxe4 24. Bxe4 Bg5 25. Bxg5 Nxg5 26. Bf5 Rxd1+ 27.
Rxd1 Ne6 28. Bxe6 Rxe6 29. e3 Re7 30. Qd3 g6 31. b4 a6 32. Qe4 Re6 33. Kg2 Kg7
34. Rd2 Re7 35. Qg4 Re6 36. Qd1 Re7 37. Rd6 Qc8 38. g4 Qc7 39. f4 exf4 40. Qd4+
Kh7 41. Qxf4 b6 42. h4 bxc5 43. bxc5 Qb7 44. Qf6 Re6 45. Rxe6 fxe6 46. Qxe6
Qb2+ 47. Kf3 Qb1 48. Qd7+ Kg8 49. h5 Qf1+ 50. Ke4 Qc4+ 51. Kf3 Qf1+ 52. Kg3
Qg1+ 53. Kf4 Qf2+ 54. Ke4 gxh5 55. Qe6+ Kg7 56. Qe5+ Kg8 57. gxh5 Qc2+ 58. Kf4
Qh2+ 59. Ke4 Qc2+ 60. Kf3 Qd1+ 61. Kf2 Qd2+ 62. Kg3 Qe1+ 63. Kg4 Qd1+ 64. Kh3
1/2-1/2